000 00361 a2200133 4500
005 20250430094159.0
020 _a978-0-07-163956-9
082 _aLECT 006 BAL
100 _aBALLEW, J.
245 _aHow to do Everything: Netbook
260 _aLondon,
_bMcGraw Hill,
_c2010.
300 _axv, 304p.: ill.; figure, pictures, table.
_bIndex.
_c23cm.
942 _2ddc
_cBKS
999 _c1812
_d1812